| 000 | 00620nam a2200205Ia 4500 | ||
|---|---|---|---|
| 003 | GCL | ||
| 008 | 140319s9999 xx 000 0 ara d | ||
| 040 |
_aGCL / _cGCL |
||
| 082 | 0 | 4 |
_a810.9 _bل ث |
| 100 | 1 | _aلويس عوض | |
| 245 | 1 | 0 |
_aالثورة والادب / _cلويس عوض |
| 300 | _a527 ص | ||
| 490 |
_aالهيئة العامة للاستعلامات _v0 |
||
| 650 | 0 | 4 | _aالادب العربى |
| 650 | 0 | 4 | _aالادباء العرب |
| 650 | 0 | 4 | _aالمسرح المصرى |
| 650 | 0 | 4 | _aالادب العربى - تاريخ ونقد |
| 650 | 0 | 4 | _aالادب والثورات |
| 942 |
_2ddc _cBK |
||
| 999 |
_c50513 _d50513 |
||